Country Consonants Quiz Stats

Quiz Updated Mar 8, 2012

Also try: State Consonants
Challenge
Share
Tweet
Embed
Score 0/30 Timer 07:00
1 Play Today
% Correct
Canada
95.1%
candy
87.4%
Prague
85.4%
toons
72%
Cyndi
68.4%
albino
67.9%
Albany
65.6%
e-mails
64.4%
venti
64.2%
cyanide
62.3%
vanity
59.8%
Tunisia
54.9%
event
54.8%
Albania
50.7%
Paraguay
48.9%
% Correct
acned
47.3%
Malaysia
43.7%
Libyan
43.7%
Porgy
41.7%
Vanuatu
38%
teensy
37.9%
pierogi
37.8%
malaise
33.9%
atones
29.1%
amylase
13.2%
melees
12.3%
Albion
11.7%
perigee
10.4%
Avanti
5.4%
tenuous
3.1%

You're not logged in!

Compare scores with friends on all Sporcle quizzes.
Sign Up with Email
OR
Log In

You Might Also Like...

Show Comments

Extras

Top Quizzes Today


Score Distribution

Your Account Isn't Verified!

In order to create a playlist on Sporcle, you need to verify the email address you used during registration. Go to your Sporcle Settings to finish the process.